| 000 | 01335nam a2200337Ia 4500 | ||
|---|---|---|---|
| 001 | ebr10278570 | ||
| 003 | CaPaEBR | ||
| 006 | m u | ||
| 007 | cr cn||||||||| | ||
| 008 | 880325s1988 nyub sb 001 0 eng d | ||
| 010 | _z 87005617 | ||
| 020 | _z9780195051162 | ||
| 020 | _z0195051157 (alk. paper) | ||
| 020 | _z0195051165 (pbk. : alk. paper) | ||
| 040 |
_aCaPaEBR _cCaPaEBR |
||
| 035 | _a(OCoLC)646383193 | ||
| 050 | 1 | 4 |
_aJC359 _b.H43 1988eb |
| 100 | 1 | _aHeadrick, Daniel R. | |
| 245 | 1 | 4 |
_aThe tentacles of progress _h[electronic resource] : _btechnology transfer in the age of imperialism, 1850-1940 / _cDaniel R. Headrick. |
| 260 |
_aNew York : _bOxford University Press, _c1988. |
||
| 300 |
_ax, 405 p. : _bmaps. |
||
| 504 | _aIncludes bibliography and index. | ||
| 533 |
_aElectronic reproduction. _bPalo Alto, Calif. : _cebrary, _d2009. _nAvailable via World Wide Web. _nAccess may be limited to ebrary affiliated libraries. |
||
| 650 | 0 |
_aImperialism _xHistory. |
|
| 650 | 0 |
_aTechnology transfer _xHistory. |
|
| 651 | 0 |
_aGreat Britain _xColonies _xHistory. |
|
| 651 | 0 |
_aTropics _xEconomic conditions. |
|
| 655 | 7 |
_aElectronic books. _2local |
|
| 710 | 2 | _aebrary, Inc. | |
| 856 | 4 | 0 |
_uhttp://site.ebrary.com/lib/rucke/Doc?id=10278570 _zAn electronic book accessible through the World Wide Web; click to view |
| 999 |
_c5033 _d5033 |
||